000 01084nam a2200313 i 4500
005 20220317002010.0
007 ta
008 201105s2018 sp a|||b |||| 00| jdspa d
020 _a9788414010792
040 _aCO-BoRNBP
_bspa
_cCO-BoRNBP
_erda
041 0 _aspa
084 _aC MEN24
100 1 _aMéndez, Luisa
_d1989-
_eautora
245 1 3 _aEl colibrí́ picoespada y yo
_ctexto e ilustraciones Luisa Méndez
264 1 _aZaragoza, España
_bEdelvives
_c2018
300 _a52 páginas
_bilustraciones
_c24 cm
336 _2rdacontent
_atexto
_btxt
337 _2rdamedia
_asin mediación
_bn
338 _2rdacarrier
_avolumen
_bnc
490 0 _aLu y su locura animal
521 _aRecomendado para un público infantil mayor de 9 años
545 _aIncluye datos biográficos de la autora en la solapa
650 1 7 _2LEMB
_aCuentos infantiles colombianos
_ySiglo XX
650 1 7 _2LEMB
_aLiteratura infantil colombiana
_ySiglo XX
650 1 7 _2LEMB
_aColibríes
_vCuentos
650 1 7 _2LEMB
_aJardín
_vCuentos
650 1 7 _2LEMB
_aNiño y animal
_vCuentos
942 _2loc
_cBKLIT
999 _c8842
_d8842